000 00840cam a2200313 4500
008 090401t1994 xxu||||| |||| 00| 0 eng d
020 _a058221257X
035 _a(Sirsi) u67924
041 _aeng
050 _a690
100 _aBlanc, Alan
245 _aInternal components
260 _aHarlow
_bLongman
_c1994
300 _avi,201p. : ill. ; 25cm.
350 _a17.99
490 _aMitchell's Building Series
650 _aBALUSTRADES
650 _aDEMOUNTABLE PARTITIONS
650 _aDOORS
650 _aINTERNAL COMPONENTS
650 _aIRONMONGERY
650 _aJOINERY
650 _aRAISED FLOORS
650 _aBUILT ENVIRONMENT-BUILDING ELEMENTS-COMPLETE BUILDING ELEMENTS-STAIRS
650 _aSUSPENDED CEILINGS
690 _aBUILT ENVIRONMENT-CONSTRUCTION DESIGN
942 _n0
948 _c04/03/1997
999 _c95050
_d95050